000 00368nam a2200133Ia 4500
008 231221s9999 xx 000 0 und d
041 _aEnglish
082 _a001.6424JAV COO
100 _aCooper James W
245 0 _aDesign patterns java companion [electronic resource:Book]
260 _c1998
_bAddison-Wesley
650 _apatterns,java,companion
942 _cDL
999 _c203952
_d203952